000 00648nam a2200181Ia 4500
008 100921s9999 xx 000 0 und d
082 _b5409
_a891.468 थ 72
100 _aप्रफुल्लदत्त.( तेंडोलकर दत्तात्रय विष्णु ).
245 _aबिल्वदले.
260 _bप्रसाद प्रकाशन,पुणे.
_c1972
300 _a184
_b---
365 _b7
520 _aललित-संकीर्ण.
630 _aबिल्वदले.
650 _aललित-संकीर्ण.
730 _aबिल्वदले.
942 _cBOOK
999 _c754522
_d754519